2015-16 Top Scoring Offensive Fantasy Football Players - Statistics

General Stats
  • This quiz has been taken 78 times
  • The average score is 9 of 15
Answer Stats
Answer Points % Correct
Tom Brady 343
92%
Eli Manning 287
84%
Aaron Rodgers 301
81%
Drew Brees 304
80%
Cam Newton 389
73%
Russell Wilson 336
64%
Phillip Rivers 284
55%
Alex Smith
52%
Matthew Stafford 289
52%
Carson Palmer 309
48%
Jameis Winston 274
48%
Kirk Cousins 293
47%
Derek Carr 271
45%
Ryan Fitzpatrick 285
41%
Blake Bortles 316
39%
No matching quizzes found
Score Distribution
Percent of People with Each Score
Percentile by Number Answered
Your Score History
You have not taken this quiz